000 00431nam a2200109Ia 4500
008 171204s9999 xx 000 0 und d
245 _aPromoting Behaviour For Learning In The Classroom: Effective Strategies, Personal Style And Professionalism:
245 _cJanet Tod and Simon Ellis
260 _c2014
650 _xSPED 15: Behavior Management
856 _uhttp://down.ebook777.com/027/ProBehForLeaInTheClaEffStrPerStyAndPro.pdf
999 _c346583
_d346583